<?xml version="1.0" encoding="UTF-8"?>
<record
    xmlns:xsi="http://www.w3.org/2001/XMLSchema-instance"
    xsi:schemaLocation="http://www.loc.gov/MARC21/slim http://www.loc.gov/standards/marcxml/schema/MARC21slim.xsd"
    xmlns="http://www.loc.gov/MARC21/slim">

  <leader>011960000a22002650004500</leader>
  <controlfield tag="003">EG-GICUC</controlfield>
  <controlfield tag="005">20250223030107.0</controlfield>
  <controlfield tag="008">091015s1976    ua     f m    000 0 ara d</controlfield>
  <datafield tag="040" ind1=" " ind2=" ">
    <subfield code="a">EG-GiCUC</subfield>
    <subfield code="b">ara</subfield>
    <subfield code="c">EG-GiCUC</subfield>
  </datafield>
  <datafield tag="041" ind1="0" ind2=" ">
    <subfield code="a">ara</subfield>
  </datafield>
  <datafield tag="049" ind1=" " ind2=" ">
    <subfield code="a">&#x627;&#x647;&#x62F;&#x627;&#x621;</subfield>
  </datafield>
  <datafield tag="097" ind1=" " ind2=" ">
    <subfield code="a">&#x62F;&#x643;&#x62A;&#x648;&#x631;&#x627;&#x647;</subfield>
  </datafield>
  <datafield tag="099" ind1=" " ind2=" ">
    <subfield code="a">Cai01.06.07.Ph.D.1976.&#x62D;&#x633;.&#x627;</subfield>
  </datafield>
  <datafield tag="100" ind1="0" ind2=" ">
    <subfield code="a">&#x62D;&#x633;&#x64A;&#x646; &#x627;&#x644;&#x628;&#x62F;&#x631;&#x649; &#x627;&#x644;&#x646;&#x627;&#x62F;&#x649;</subfield>
  </datafield>
  <datafield tag="245" ind1="1" ind2="2">
    <subfield code="a">&#x627;&#x644;&#x627;&#x633;&#x641;&#x631;&#x627;&#x64A;&#x64A;&#x646;&#x649; : </subfield>
    <subfield code="b">&#x645;&#x639; &#x62A;&#x62D;&#x642;&#x64A;&#x642; &#x643;&#x62A;&#x627;&#x628; &#x627;&#x644;&#x636;&#x648;&#x621; &#x634;&#x631;&#x62D; &#x627;&#x644;&#x645;&#x635;&#x628;&#x627;&#x62D; / </subfield>
    <subfield code="c">&#x62D;&#x633;&#x64A;&#x646; &#x627;&#x644;&#x628;&#x62F;&#x631;&#x649; &#x627;&#x644;&#x646;&#x627;&#x62F;&#x649; &#x61B; &#x627;&#x634;&#x631;&#x627;&#x641; &#x639;&#x628;&#x62F;&#x627;&#x644;&#x639;&#x638;&#x64A;&#x645; &#x639;&#x644;&#x649; &#x627;&#x644;&#x634;&#x646;&#x627;&#x648;&#x649;</subfield>
  </datafield>
  <datafield tag="260" ind1=" " ind2=" ">
    <subfield code="a">&#x627;&#x644;&#x642;&#x627;&#x647;&#x631;&#x629; : </subfield>
    <subfield code="b">&#x62D;&#x633;&#x64A;&#x646; &#x627;&#x644;&#x628;&#x62F;&#x631;&#x649; &#x627;&#x644;&#x646;&#x627;&#x62F;&#x649; : </subfield>
    <subfield code="c">1976</subfield>
  </datafield>
  <datafield tag="300" ind1=" " ind2=" ">
    <subfield code="a">2&#x645;&#x62C;(531&#x648;&#x631;&#x642;&#x629;) &#x61B; </subfield>
    <subfield code="c">30&#x633;&#x645;</subfield>
  </datafield>
  <datafield tag="500" ind1=" " ind2=" ">
    <subfield code="a">&#x643;&#x644;&#x64A;&#x629; &#x627;&#x644;&#x644;&#x63A;&#x629; &#x627;&#x644;&#x639;&#x631;&#x628;&#x64A;&#x629; &#x62C;&#x627;&#x645;&#x639;&#x629; &#x627;&#x644;&#x627;&#x632;&#x647;&#x631; &#x62A;&#x639;&#x627;&#x62F;&#x644; &#x643;&#x644;&#x64A;&#x629; &#x62F;&#x627;&#x631; &#x627;&#x644;&#x639;&#x644;&#x648;&#x645; &#x62C;&#x627;&#x645;&#x639;&#x629; &#x627;&#x644;&#x642;&#x627;&#x647;&#x631;&#x629;</subfield>
  </datafield>
  <datafield tag="502" ind1=" " ind2=" ">
    <subfield code="a">&#x627;&#x637;&#x631;&#x648;&#x62D;&#x629;(&#x62F;&#x643;&#x62A;&#x648;&#x631;&#x627;&#x647;) - &#x62C;&#x627;&#x645;&#x639;&#x629; &#x627;&#x644;&#x627;&#x632;&#x647;&#x631; - &#x643;&#x644;&#x64A;&#x629; &#x627;&#x644;&#x644;&#x63A;&#x629; &#x627;&#x644;&#x639;&#x631;&#x628;&#x64A;&#x629; - &#x642;&#x633;&#x645; &#x627;&#x644;&#x646;&#x62D;&#x648; &#x648; &#x627;&#x644;&#x635;&#x631;&#x641; &#x648; &#x627;&#x644;&#x639;&#x631;&#x648;&#x636;</subfield>
  </datafield>
  <datafield tag="700" ind1="0" ind2=" ">
    <subfield code="a">&#x639;&#x628;&#x62F;&#x627;&#x644;&#x639;&#x638;&#x64A;&#x645; &#x639;&#x644;&#x649; &#x627;&#x644;&#x634;&#x646;&#x627;&#x648;&#x649; : </subfield>
    <subfield code="e">&#x645;&#x634;&#x631;&#x641;</subfield>
  </datafield>
  <datafield tag="856" ind1=" " ind2=" ">
    <subfield code="u">http://172.23.153.220/th.pdf</subfield>
  </datafield>
  <datafield tag="905" ind1=" " ind2=" ">
    <subfield code="a">Fatma</subfield>
    <subfield code="e">Cataloger</subfield>
  </datafield>
  <datafield tag="905" ind1=" " ind2=" ">
    <subfield code="a">Nazla</subfield>
    <subfield code="e">Revisor</subfield>
  </datafield>
  <datafield tag="942" ind1=" " ind2=" ">
    <subfield code="2">ddc</subfield>
    <subfield code="c">TH</subfield>
  </datafield>
  <datafield tag="999" ind1=" " ind2=" ">
    <subfield code="c">27376</subfield>
    <subfield code="d">27376</subfield>
  </datafield>
  <datafield tag="952" ind1=" " ind2=" ">
    <subfield code="2">ddc</subfield>
    <subfield code="7">0</subfield>
    <subfield code="a">CUCL</subfield>
    <subfield code="b">cl210</subfield>
    <subfield code="d">2024-02-11</subfield>
    <subfield code="o">Cai01.06.07.Ph.D.1976.&#x62D;&#x633;.&#x627;</subfield>
    <subfield code="p">01010100001907000</subfield>
    <subfield code="r">2023-09-22 00:00:00</subfield>
    <subfield code="t">v.1</subfield>
    <subfield code="y">TH</subfield>
  </datafield>
  <datafield tag="952" ind1=" " ind2=" ">
    <subfield code="2">ddc</subfield>
    <subfield code="7">0</subfield>
    <subfield code="a">CUCL</subfield>
    <subfield code="b">cl210</subfield>
    <subfield code="d">2024-02-11</subfield>
    <subfield code="o">Cai01.06.07.Ph.D.1976.&#x62D;&#x633;.&#x627;</subfield>
    <subfield code="p">01010100001907001</subfield>
    <subfield code="r">2023-09-22 00:00:00</subfield>
    <subfield code="t">v.2</subfield>
    <subfield code="y">TH</subfield>
  </datafield>
</record>
